000 00620nam a22002177a 4500
999 _c2822
_d2822
003 AR-CdUCM
008 190305b ||||| |||| 00| 0 spa d
040 _aMUNICIPALIDAD PROVINCIAL DEL CUSCO
_cBIBLIOTECA MUNICIPAL DEL CUSCO
041 _hinh
082 _a891.4 /
_bEH33
100 _aEhrenburg, Ilya
_99817
245 _aDeshielo /
260 _aArgentina :
_bFuturo ;
_c1954.
300 _a190 páginas ;
_c20cm
505 _aNovela
650 _aLiteratura indú
_99818
650 _aLiteratura de otras lenguas
_99819
700 _aGuerrero, Lila (traducción)
_99820
942 _2ddc
_cLIBROS
945 _anom